000 00802cam a2200289 4500500
005 20260405003522.0
041 _afre
042 _adc
100 1 0 _aLacroix, Alexandre
_eauthor
245 0 0 _aCinq stratégies pour ne pas courber l’échine
260 _c2022.
500 _a53
690 _aAutorité
690 _acourage
690 _aDésobéissance
690 _aDésobéissance civile
690 _aGandhi
690 _aIronie
690 _aMontesquieu
690 _aObéissance
690 _aRefus
690 _aRetrait
690 _aStratégies
690 _aVérité
786 0 _nPhilosophie magazine | 160 | 6 | 2022-06-01 | p. 25-26 | 1951-1787
856 4 1 _uhttps://shs.cairn.info/magazine-philosophie-magazine-2022-6-page-25?lang=fr&redirect-ssocas=7080
999 _c2068295
_d2068296